Problemas de microeconomía
Gespeichert in:
| Hauptverfasser: | , |
|---|---|
| Format: | Buch |
| Sprache: | Spanisch |
| Veröffentlicht: |
Buenos Aires
Amorrortu
1971
|
| Schriftenreihe: | Biblioteca de Economía Política
|
| Schlagworte: | |
| Tags: |
Tag hinzufügen
Keine Tags, Fügen Sie den ersten Tag hinzu!
|
MARC
| LEADER | 00000nam a2200000 a 4500 | ||
|---|---|---|---|
| 001 | UCU2709 | ||
| 003 | CL-VaPUC | ||
| 008 | 960426e19710000AG |||||||||||||||||spa|d | ||
| 082 | 0 | 4 | |a 338.5 |b DIE |2 21 |
| 100 | 0 | |a Dieguez, Héctor L |e author |9 359122 | |
| 700 | 0 | |a Porto, Alberto |e author |9 359123 | |
| 245 | 1 | 0 | |a Problemas de microeconomía |
| 300 | |a 247 p | ||
| 942 | |c BK | ||
| 945 | |d 19960426 00:00:00 |a paguirre | ||
| 260 | |a Buenos Aires |b Amorrortu |c 1971 | ||
| 650 | 0 | |a Economía |9 255568 | |
| 650 | 0 | |a Microeconomía |9 258126 | |
| 650 | 0 | |a Producción |9 263680 | |
| 650 | 0 | |a Análisis microeconómico |9 359124 | |
| 650 | 0 | |a Mercado |9 321497 | |
| 650 | 0 | |a Comercio |9 255341 | |
| 650 | 0 | |a Consumo |9 333893 | |
| 650 | 7 | |a MERCADEO |2 CL-VaPUC |9 261154 | |
| 583 | |a last modification |c 19960426 00:00:00 |k Rodrigo Vera | ||
| 490 | 0 | |a Biblioteca de Economía Política | |
| 999 | |c 246942 |d 246940 | ||